| 000 | 00344 a2200133 4500 | ||
|---|---|---|---|
| 999 |
_c325590 _d325590 |
||
| 001 | 90517 | ||
| 003 | NUST | ||
| 082 | _a303.495491 COH | ||
| 100 |
_aCohen Stephan P _99883 |
||
| 245 |
_aThe Future of Pakistan _hEnglish |
||
| 260 |
_aNew Dehli _bOxford University Press _c2011 |
||
| 300 | _axv, 311p. | ||
| 500 | _aGeneral Books | ||
| 942 |
_aCAE NUST _cBK _k303.495491 COH _2ddc |
||